|
|
|
|
| LEADER |
01704nam a22003973i 4500 |
| 001 |
EBC6378995 |
| 003 |
MiAaPQ |
| 005 |
20231204023215.0 |
| 006 |
m o d | |
| 007 |
cr cnu|||||||| |
| 008 |
231204s2018 xx o ||||0 ger d |
| 020 |
|
|
|a 9783847412205
|q (electronic bk.)
|
| 020 |
|
|
|z 9783847421948
|
| 035 |
|
|
|a (MiAaPQ)EBC6378995
|
| 035 |
|
|
|a (Au-PeEL)EBL6378995
|
| 035 |
|
|
|a (OCoLC)1156901297
|
| 040 |
|
|
|a MiAaPQ
|b eng
|e rda
|e pn
|c MiAaPQ
|d MiAaPQ
|
| 100 |
1 |
|
|a Langer, Antje.
|
| 245 |
1 |
0 |
|a Weiblichkeit - Ansätze Zur Theoretisierung.
|
| 250 |
|
|
|a 1st ed.
|
| 264 |
|
1 |
|a Leverkusen-Opladen :
|b Verlag Barbara Budrich,
|c 2018.
|
| 264 |
|
4 |
|c {copy}2018.
|
| 300 |
|
|
|a 1 online resource (141 pages)
|
| 336 |
|
|
|a text
|b txt
|2 rdacontent
|
| 337 |
|
|
|a computer
|b c
|2 rdamedia
|
| 338 |
|
|
|a online resource
|b cr
|2 rdacarrier
|
| 490 |
1 |
|
|a Jahrbuch Frauen- und Geschlechterforschung in der Erziehungswissenschaft Series ;
|v v.14
|
| 588 |
|
|
|a Description based on publisher supplied metadata and other sources.
|
| 590 |
|
|
|a Electronic reproduction. Ann Arbor, Michigan : ProQuest Ebook Central, 2023. Available via World Wide Web. Access may be limited to ProQuest Ebook Central affiliated libraries.
|
| 655 |
|
4 |
|a Electronic books.
|
| 700 |
1 |
|
|a Mahs, Claudia.
|
| 700 |
1 |
|
|a Rendtorff, Barbara.
|
| 776 |
0 |
8 |
|i Print version:
|a Langer, Antje
|t Weiblichkeit - Ansätze Zur Theoretisierung
|d Leverkusen-Opladen : Verlag Barbara Budrich,c2018
|z 9783847421948
|
| 797 |
2 |
|
|a ProQuest (Firm)
|
| 830 |
|
0 |
|a Jahrbuch Frauen- und Geschlechterforschung in der Erziehungswissenschaft Series
|
| 856 |
4 |
0 |
|u https://ebookcentral.proquest.com/lib/matrademy/detail.action?docID=6378995
|z Click to View
|